Continuum mechanics of solids /

This introductory graduate text is a unified treatment of the major concepts of Solid Mechanics for beginning graduate students in the many branches of engineering. Major topics are elasticity, viscoelasticity, plasticity, fracture, and fatigue. The book also has chapters on thermoelasticity, chemoe...

Full description

Bibliographic Details
Main Authors: Anand, Lallit (Author), Govindjee, Sanjay (Author)
Format: eBook
Language:English
Published: Oxford, United Kingdom Oxford University Press 2020
Edition:First edition
Series:Oxford graduate texts.
Subjects:
Online Access:Connect to the full text of this electronic book

MARC

Tag First Indicator Second Indicator Subfields
LEADER 00000cam a2200000 c 4500
001 in00005719021
005 20260319182726.0
006 m o d
007 cr cnu|||unuuu
008 200910s2020 enka ob 001 0 eng d
040 |a N$T  |b eng  |e rda  |e pn  |c N$T  |d N$T  |d EBLCP  |d MYG  |d STBDS  |d CUX  |d OCLCO  |d UKAHL  |d OCLCO  |d OCLCQ  |d SFB  |d OCLCQ  |d OCLCO  |d VLB  |d OCLCL  |d CLOUD  |d UKKRT  |d OCLCQ  |d SXB  |d OCLCL  |d OCLCQ 
019 |a 1178641402  |a 1194593950 
020 |a 9780192633699  |q electronic bk. 
020 |a 0192633694  |q electronic bk. 
020 |a 9780191896767  |q electronic bk. 
020 |a 0191896764  |q electronic bk. 
020 |z 9780198864721 
020 |z 0198864728 
035 |a (OCoLC)1194593626  |z (OCoLC)1178641402  |z (OCoLC)1194593950 
050 4 |a QA808.2  |b .A53 2020eb 
082 0 4 |a 531  |2 23 
049 |a TXAM 
100 1 |a Anand, Lallit  |e author 
245 1 0 |a Continuum mechanics of solids /  |c Lallit anand, Sanjay Govindjee 
250 |a First edition 
264 1 |a Oxford, United Kingdom  |b Oxford University Press  |c 2020 
300 |a 1 online resource  |b illustrations 
336 |a text  |b txt  |2 rdacontent 
337 |a computer  |b c  |2 rdamedia 
338 |a online resource  |b cr  |2 rdacarrier 
490 1 |a Oxford graduate texts 
588 0 |a Print version record 
504 |a Includes bibliographical references and index 
505 0 |a Cover -- Continuum Mechanics of Solids -- Copyright -- Preface -- Acknowledgments -- Contents -- PART I: Vectors and tensors -- 1: Vectors and tensors: Algebra -- 1.1 Cartesian coordinate frames. Kronecker delta. Alternating symbol -- 1.1.1 Summation convention -- 1.2 Tensors -- 1.2.1 What is a tensor? -- 1.2.2 Zero and identity tensors -- 1.2.3 Tensor product -- 1.2.4 Components of a tensor -- 1.2.5 Transpose of a tensor -- 1.2.6 Symmetric and skew tensors -- 1.2.7 Axial vector of a skew tensor -- 1.2.8 Product of tensors -- 1.2.9 Trace of a tensor. Deviatoric tensors 
505 8 |a 1.2.10 Positive definite tensors -- 1.2.11 Inner product of tensors. Magnitude of a tensor -- 1.2.12 Matrix representation of tensors and vectors -- 1.2.13 Determinant of a tensor -- 1.2.14 Invertible tensors -- 1.2.15 Cofactor of a tensor -- 1.2.16 Orthogonal tensors -- 1.2.17 Transformation relations for components of a vector and a tensor under a change in basis -- Transformation relation for vectors -- Transformation relation for tensors -- 1.2.18 Eigenvalues and eigenvectors of a tensor. Spectral theorem -- Eigenvalues of symmetric tensors -- Other invariants and eigenvalues 
505 8 |a 1.2.19 Fourth-order tensors -- Transformation rules for fourth-order tensors -- 2: Vectors and tensors: Analysis -- 2.1 Directional derivatives and gradients -- 2.2 Component expressions for differential operators -- 2.2.1 Divergence, curl, and Laplacian -- 2.3 Generalized derivatives -- 2.4 Integral theorems -- 2.4.1 Localization theorem -- 2.4.2 Divergence theorem -- 2.4.3 Stokes theorem -- PART II: Kinematics -- 3: Kinematics -- 3.1 Motion: Displacement, velocity, and acceleration -- 3.1.1 Examplemotions -- Simple shear -- Elementary elongation -- Rigid motion -- Bending deformation 
505 8 |a 3.2 Deformation and displacement gradients -- 3.2.1 Transformation of material line elements -- 3.2.2 Transformation of material volume elements -- 3.2.3 Transformation of material area elements -- 3.3 Stretch and rotation -- 3.3.1 Polar decomposition theorem -- 3.3.2 Properties of the tensorsUand C -- 3.4 Strain -- 3.4.1 Biot strain -- 3.4.2 Green finite strain tensor -- 3.4.3 Hencky's logarithmic strain tensors -- 3.5 Infinitesimal deformation -- 3.5.1 Infinitesimal strain tensor -- 3.5.2 Infinitesimal rotation tensor -- 3.6 Example infinitesimal homogeneous strain states 
505 8 |a 3.6.1 Uniaxial compression -- 3.6.2 Simple shear -- 3.6.3 Pure shear -- 3.6.4 Uniform compaction (dilatation) -- 3.6.5 Infinitesimal rigid displacement -- 3.7 Volumetric deviatoric split -- 3.7.1 Volume changes -- 3.7.2 Strain deviator -- 3.8 Summary ofmajor kinematical concepts related to infinitesimal strains -- Appendices -- 3.A Linearization -- 3.B Compatibility conditions -- 3.B.1 Proof of the compatibility theorem -- PART III: Balance laws -- 4: Balance laws for mass, forces, and moments -- 4.1 Balance of mass -- 4.2 Balance of forces and moments. Stress tensor. Equation of motion 
520 |a This introductory graduate text is a unified treatment of the major concepts of Solid Mechanics for beginning graduate students in the many branches of engineering. Major topics are elasticity, viscoelasticity, plasticity, fracture, and fatigue. The book also has chapters on thermoelasticity, chemoelasticity, poroelasticity and piezoelectricity 
650 0 |a Continuum mechanics. 
650 6 |a Mécanique des milieux continus. 
650 7 |a Physics.  |2 bisacsh 
650 7 |a SCIENCE.  |2 bisacsh 
650 7 |a Condensed Matter.  |2 bisacsh 
650 7 |a Fluids.  |2 bisacsh 
650 7 |a Mechanics.  |2 bisacsh 
650 7 |a Solids.  |2 bisacsh 
650 7 |a TECHNOLOGY & ENGINEERING.  |2 bisacsh 
650 7 |a Continuum mechanics  |2 fast 
655 7 |a Electronic books.  |2 local 
700 1 |a Govindjee, Sanjay  |e author 
758 |i has work:  |a Continuum mechanics of solids (Text)  |1 https://id.oclc.org/worldcat/entity/E39PCGxpJhQG3j3bDBG6HbHCry  |4 https://id.oclc.org/worldcat/ontology/hasWork 
776 0 8 |i Print version:  |a Anand, Lallit.  |t Continuum mechanics of solids.  |b First edition.  |d Oxford ; New York, NY : Oxford University Press, 2020  |z 0198864728  |w (OCoLC)1145425627 
830 0 |a Oxford graduate texts. 
856 4 0 |u http://proxy.library.tamu.edu/login?url=https://academic.oup.com/book/43650  |z Connect to the full text of this electronic book  |t 0 
955 |a Oxford Scholarship Online 
994 |a 92  |b TXA 
999 f f |i f4d3a957-e8ce-4393-b178-d418bade86bb  |s 66c82975-e36d-4687-a013-d36dd830e1dc  |t 0 
952 f f |a Texas A&M University  |b College Station  |c Electronic Resources  |s www_evans  |d Available Online  |t 0  |e QA808.2 .A53 2020eb  |h Library of Congress classification 
998 f f |a QA808.2 .A53 2020eb  |t 0  |l Available Online